000 00617nam a2200241Ia 4500
005 20250425160658.0
008 250425s9999 xx 000 0 und d
020 _a8480880813
041 _aspa
043 _asp
082 _a658.301
100 _aORDOÑEZ ORDOÑEZ, MIGUEL
245 0 _aLA NUEVA GESTION DE LOS RECURSOS HUMANOS
250 _a1A ED.
260 _aBARCELONA
260 _aEspaña
_bEDICION GESTION 2000
_c1995
300 _a416
650 _aADMINISTRACION DE PERSONAL
650 _aRECURSOS HUMANOS-DESARROLLO
650 _aTECNICAS ADMINISTRATIVAS
942 _c01
010 _a2143
999 _c193974
_d193974